| 000 | 00709nam a2200241 i 4500 | ||
|---|---|---|---|
| 003 | DO-SdBNP | ||
| 005 | 20230801143301.0 | ||
| 007 | ta | ||
| 008 | 190808s1976 dr 000 spa d | ||
| 040 |
_aDO-SdBNP _bspa _cBNPHU _erda |
||
| 082 |
_222 _axxx _bC183l |
||
| 100 |
_aCaminero Morcelo, Jesús _976479 |
||
| 245 | 1 | 0 |
_aLegislación cooperativa y leyes afines / _cJesús Caminero Morcelo |
| 250 | _a2da. edición | ||
| 264 |
_aSanto Domingo, _bTaller, _c1976. |
||
| 300 |
_a109 páginas _c21 cm. |
||
| 336 |
_2rdacontent _atexto _btxt |
||
| 337 |
_2rdamedia _asin mediación _bn |
||
| 338 |
_2rdacarrier _avolumen _bnc |
||
| 590 | _aInventariado, 2023/ YL | ||
| 910 | _aYLockward | ||
| 942 |
_2ddc _cLBS1 |
||
| 999 |
_c48763 _d48763 |
||